[Event "Mayor's Cup of Good Wine"]
[Site "Hustopece CZE"]
[Date "2011.06.04"]
[Round "5"]
[White "Polak,T"]
[Black "Movsesian,S"]
[Result "0-1"]
[WhiteElo "2526"]
[BlackElo "2705"]

1.d4 Nf6 2.c4 e6 3.Nf3 d5 4.Nc3 dxc4 5.e4 Bb4 6.Bg5 h6 7.Bxf6 Qxf6 8.Bxc4 c5
9.e5 Qd8 10.d5 exd5 11.Qxd5 Qxd5 12.Bxd5 Nc6 13.O-O-O Bxc3 14.bxc3 Be6 15.Rd2 O-O-O
16.Rhd1 Kc7 17.Kc2 Rhe8 18.Bxe6 fxe6 19.c4 Rxd2+ 20.Rxd2 Rf8 21.Kd3 g5 22.h3 Rf4
23.a3 a6 24.Rc2 Na5 25.Rc3 Kc6 26.Rc2 b5 27.cxb5+ axb5 28.Rc3 Kd5 29.Kc2 c4
30.Re3 Nb3 31.Kc3 Nc5 32.Kb4 Kc6 33.Re2 Nd3+ 34.Kc3 Kc5 35.Rd2 Re4 36.g3 Nxe5
37.Nxe5 Rxe5 38.Rd8 Rf5 39.Rc8+ Kd5 40.Rd8+ Kc6 41.Rc8+ Kd7 42.Rb8 Kc7 43.Re8 Rf3+
44.Kb4 Rb3+ 45.Kc5 c3 46.Rxe6 c2 47.Rc6+ Kd7 48.Kb6 Rb2 49.f4 gxf4 50.gxf4 Ra2
51.f5 b4 52.f6 b3 53.Rc7+ Ke6 54.f7 b2 55.f8=Q b1=Q+ 56.Qb4 Rb2 57.Rc6+ Kf7
58.Rc7+ Ke6 59.Rc6+ Kd7 60.Rc7+ Kd8  0-1

[Event "Mayor's Cup of Good Wine"]
[Site "Hustopece CZE"]
[Date "2011.06.04"]
[Round "8"]
[White "Movsesian,S"]
[Black "Velicka,P"]
[Result "1-0"]
[WhiteElo "2705"]
[BlackElo "2463"]

1.e4 c6 2.f4 d5 3.e5 h5 4.Be2 g6 5.Nf3 Bg4 6.d3 e6 7.Be3 Nh6 8.Bf2 Nf5 9.c3 Nd7
10.h3 Bxf3 11.Bxf3 h4 12.Bg4 Bc5 13.d4 Be7 14.Nd2 b5 15.a4 a6 16.O-O Nb6
17.b3 Kf8 18.Qf3 Kg7 19.Qd3 Qd7 20.a5 Nc8 21.Nf3 Na7 22.Bxf5 gxf5 23.Rfc1 Rac8
24.Qe2 Qd8 25.c4 Kf8 26.Qe1 Ke8 27.Rc2 Kd7 28.Rac1 Rh7 29.Kh2 Rh8 30.Qe2 Rh7
31.Ne1 Qxa5 32.Ra2 Ba3 33.Rca1 b4 34.Nc2 Rg8 35.Nxa3 bxa3 36.Rxa3 Qc7 37.Rxa6 Nc8
38.cxd5 exd5 39.Qc2 Rhg7 40.Qxf5+ Ke8 41.Ra8 Rxg2+ 42.Kh1  1-0

[Event "Mayor's Cup of Good Wine"]
[Site "Hustopece CZE"]
[Date "2011.06.04"]
[Round "9"]
[White "Stohl,I"]
[Black "Movsesian,S"]
[Result "1/2-1/2"]
[WhiteElo "2524"]
[BlackElo "2705"]

1.Nf3 Nf6 2.c4 e6 3.d4 d5 4.g3 Bb4+ 5.Bd2 Be7 6.Bg2 c6 7.Qc2 Nbd7 8.O-O b6
9.Bf4 O-O 10.Nbd2 Bb7 11.e4 Nxe4 12.Nxe4 dxe4 13.Qxe4 Nf6 14.Qe2 c5 15.Rfd1 cxd4
16.Rxd4 Qc8 17.Ne5 Bxg2 18.Kxg2 Qb7+ 19.Qf3 Qxf3+ 20.Kxf3 Rfc8 21.Rad1 a6
22.Nd7 Nxd7 23.Rxd7 Bf6 24.b3 b5 25.Rc1 e5 26.Be3 bxc4 27.Rxc4 Kf8 28.Ra7 Re8
29.Rcc7 e4+ 30.Ke2 Rxa7 31.Rxa7 Re6 32.Bc5+ Ke8 33.b4 Bd8 34.a4 h5 35.h4 g5
36.hxg5 Bxg5 37.b5 axb5 38.axb5 Bd8 39.Be3 Re5 40.Rb7 h4 41.gxh4 Bxh4 42.Bf4 Rf5
43.Ke3 Bxf2+ 44.Kxe4 Rf6 45.Be5 Rb6 46.Rxb6  1/2-1/2

[Event "20th TCh-CRO 1a"]
[Site "Sibenik CRO"]
[Date "2011.10.06"]
[Round "3.1"]
[White "Movsesian,S"]
[Black "Fedorchuk,S"]
[Result "1/2-1/2"]
[WhiteElo "2715"]
[BlackElo "2635"]

1.e4 e5 2.Nf3 Nc6 3.Bb5 Nf6 4.O-O Nxe4 5.d4 Nd6 6.Bxc6 dxc6 7.dxe5 Nf5 8.Qxd8+ Kxd8
9.Nc3 Bd7 10.h3 b6 11.Bf4 h6 12.Rad1 Kc8 13.Bh2 Ne7 14.Nd4 c5 15.Nde2 g5
16.Ng3 Be6 17.Rd2 Kb7 18.Nh5 Ng6 19.Nd5 Rd8 20.Rfd1 c4 21.c3 Bc5 22.Ng7 b5
23.Nxe6 fxe6 24.Nf6 Rxd2 25.Rxd2 Kc6 26.Kf1 a5 27.Ke2 Be7 28.Nh5 b4 29.Ng7 Nf8
30.Rd4 Kb5 31.Ne8 c5 32.Nd6+ Kc6 33.Rd1 Ng6 34.Nxc4 Ra8 35.a4 bxa3 36.Nxa3 a4
37.c4 Kb6 38.Rd7 Rb8 39.Kd1 Kc6 40.Rd2 Rb4 41.Bg3 Nf8 42.f3 Nd7 43.Re2 Rb8
44.Kc2 Bd8 45.Rd2 Be7 46.Rd1 h5 47.Nb5 Nb6 48.Kc3 Nxc4 49.Na7+ Kc7 50.Kxc4 Rb4+
51.Kc3 Rb3+ 52.Kc4 Rb4+ 53.Kc3 Rb3+ 54.Kc4  1/2-1/2

[Event "20th TCh-CRO 1a"]
[Site "Sibenik CRO"]
[Date "2011.10.07"]
[Round "4.5"]
[White "Movsesian,S"]
[Black "Grachev,B"]
[Result "0-1"]
[WhiteElo "2715"]
[BlackElo "2682"]

1.e4 e6 2.d4 d5 3.e5 c5 4.c3 Nc6 5.Nf3 Bd7 6.Be2 f6 7.O-O fxe5 8.dxe5 Nh6
9.c4 d4 10.Bf4 Nf7 11.h4 Be7 12.h5 Qc7 13.Re1 Ncxe5 14.Nxe5 Nxe5 15.Bg4 Bd6
16.Bxe5 Bxe5 17.Qe2 Bh2+ 18.Kh1 Bf4 19.Na3 O-O 20.Bxe6+ Kh8 21.Bxd7 Qxd7
22.Rad1 Rae8 23.Qf3 Bd2 24.Rxe8 Qxe8 25.Qd5 Qe2 26.Rg1 Qxf2 27.g3 h6 28.Rg2 Qe1+
29.Kh2 Rf1 30.Kh3 Qd1 31.Rh2 Bg5 32.Qe4 Qxh5+ 33.Kg2 Qf7 34.Nb5 Rd1  0-1

[Event "20th TCh-CRO 1a"]
[Site "Sibenik CRO"]
[Date "2011.10.08"]
[Round "5.2"]
[White "Lalic,B"]
[Black "Movsesian,S"]
[Result "1/2-1/2"]
[WhiteElo "2456"]
[BlackElo "2715"]

1.d4 d5 2.c4 c6 3.Nc3 Nf6 4.e3 a6 5.Qc2 g6 6.Bd3 Bg7 7.Nf3 O-O 8.Bd2 dxc4
9.Bxc4 Bf5 10.e4 Bg4 11.e5 Nd5 12.Qe4 Bxf3 13.gxf3 e6 14.h4 b5 15.Bb3 a5
16.Bg5 f6 17.exf6 Bxf6 18.Qxe6+ Kh8 19.Nxd5 cxd5 20.Qxd5 Nd7 21.Qxb5 Nb6
22.Be3 a4  1/2-1/2

[Event "20th TCh-CRO 1a"]
[Site "Sibenik CRO"]
[Date "2011.10.09"]
[Round "6.4"]
[White "Movsesian,S"]
[Black "Martinovic,Sa"]
[Result "1-0"]
[WhiteElo "2715"]
[BlackElo "2513"]

1.c4 e5 2.g3 Nc6 3.Bg2 g6 4.Nc3 Bg7 5.d3 d6 6.e3 Nf6 7.Nge2 O-O 8.Qd2 Be6
9.Nd5 Qd7 10.b3 Bh3 11.Bxh3 Qxh3 12.Nxc7 Rac8 13.Nb5 d5 14.Ba3 Rfd8 15.c5 Ng4
16.Nd6 Nd4 17.exd4 Rxd6 18.cxd6 Qg2 19.Rf1 Nxh2 20.Rg1 Nf3+ 21.Kd1 Nxg1 22.d7 Rd8
23.Rc1 Nf3 24.Rc8 Bf6 25.Qe3 Qf1+ 26.Kc2 Qxe2+ 27.Qxe2 Nxd4+ 28.Kd1 Nxe2
29.Kxe2 Kg7 30.Rc7 Bg5 31.Bb2 f6 32.Rxb7 Kf7 33.Rxa7 Ke6 34.Ra6+ Kxd7 35.Ra7+ Ke6
36.Rxh7 Ra8 37.a3 Rc8 38.Kd1 Kf5 39.b4 Kg4 40.b5 Kf3 41.b6 Kxf2 42.a4 Be3
43.b7 Rb8 44.d4 exd4  1-0

[Event "20th TCh-CRO 1a"]
[Site "Sibenik CRO"]
[Date "2011.10.10"]
[Round "7.3"]
[White "Erdos,V"]
[Black "Movsesian,S"]
[Result "1/2-1/2"]
[WhiteElo "2608"]
[BlackElo "2715"]

1.d4 d5 2.c4 c6 3.Nf3 Nf6 4.Nc3 a6 5.g3 dxc4 6.a4 e6 7.Bg2 c5 8.dxc5 Qxd1+
9.Nxd1 Bd7 10.Ne5 Nc6 11.Nxc6 Bxc6 12.Bxc6+ bxc6 13.Bd2 Ne4 14.Rc1 Nxd2 15.Kxd2 O-O-O+
16.Ke3 Bxc5+ 17.Kf3 Rd5 18.Rxc4 Rhd8 19.Ne3 Bxe3 20.Kxe3 Re5+ 21.Kf3 Rf5+
22.Ke3 Re5+ 23.Kf3 Rf5+  1/2-1/2

[Event "20th TCh-CRO 1a"]
[Site "Sibenik CRO"]
[Date "2011.10.11"]
[Round "8.3"]
[White "Movsesian,S"]
[Black "Navara,D"]
[Result "1/2-1/2"]
[WhiteElo "2715"]
[BlackElo "2705"]

1.c4 Nf6 2.g3 e5 3.Bg2 c6 4.d4 Bb4+ 5.Bd2 Bxd2+ 6.Qxd2 d6 7.e3 O-O 8.Ne2 Re8
9.Nbc3 Nbd7 10.O-O e4 11.f3 exf3 12.Rxf3 Nb6 13.b3 Bg4 14.Rf2 d5 15.c5 Bxe2
16.Rxe2 Nbd7 17.b4 Re7 18.Rae1 Nf8 19.e4 dxe4 20.Nxe4 Nxe4 21.Bxe4 Rd7 22.d5 cxd5
23.Bf5 Rc7 24.Re5 d4 25.Be4 Ne6 26.Bd5 a5 27.Bxe6 fxe6 28.Rxe6 axb4 29.Rd6 Qc8
30.Qxb4 Rxc5 31.Qxd4 Rc1 32.Qd5+ Kh8  1/2-1/2

[Event "Gibraltar Open"]
[Site "Caleta ENG"]
[Date "2012.01.25"]
[Round "2.8"]
[White "Movsesian,S"]
[Black "Al Sayed,Mohamad"]
[Result "1-0"]
[WhiteElo "2700"]
[BlackElo "2524"]

1.e4 c5 2.Nf3 d6 3.d4 cxd4 4.Nxd4 Nf6 5.Nc3 a6 6.Be2 Nbd7 7.Be3 e6 8.f4 b5
9.a4 b4 10.Nc6 Qc7 11.Nxb4 Bb7 12.Qd4 Be7 13.Bf3 O-O 14.Nba2 e5 15.Qd2 Nc5
16.Bxc5 dxc5 17.O-O-O Rab8 18.Qe2 c4 19.fxe5 Nd7 20.e6 fxe6 21.Bg4 Ne5 22.Rhf1 Bc8
23.Rxf8+ Bxf8 24.Rf1 Be7 25.Bh3 Bd7 26.Qe3 Kh8 27.Kb1 Qb7 28.Nd1 Bxa4 29.Bxe6 Bf6
30.Bd5 Qe7 31.Nac3 Be8 32.Qg3 Bg6 33.Bxc4 Qb4 34.Ba2 Bxe4 35.Rf4 Rd8 36.Bd5 Rxd5
37.Nxd5 Qd2 38.Rxe4 Qxd1+ 39.Ka2 Qxd5+ 40.Qb3 Qd8 41.g4 g5 42.Qe6 Qa5+ 43.Kb3 Kg7
44.Ra4 Qc7 45.Rxa6 Nxg4 46.h3 Qb7+ 47.Rb6 Qf3+ 48.Ka2 Ne5 49.c4 Nd3 50.Qd7+ Kg6
51.Rb7 g4 52.Qxh7+ Kg5 53.Qg8+ Kf4 54.Qxg4+ Qxg4 55.hxg4 Kxg4 56.b4 Kf5 57.Kb3 Ne5
58.Rb6 Bd8 59.Rd6 Be7 60.Rd2 Nf3 61.Rd1 Ke4 62.c5 Ne5 63.Ka4 Nc6 64.b5 Ne5
65.c6  1-0

[Event "Gibraltar Open"]
[Site "Caleta ENG"]
[Date "2012.01.26"]
[Round "3.7"]
[White "Kulaots,K"]
[Black "Movsesian,S"]
[Result "1/2-1/2"]
[WhiteElo "2581"]
[BlackElo "2700"]

1.e4 c5 2.Nf3 Nc6 3.d4 cxd4 4.Nxd4 Qc7 5.Nc3 e6 6.Be3 a6 7.Qd2 Nf6 8.O-O-O Nxd4
9.Qxd4 Ng4 10.Qb6 Qc6 11.Bd4 e5 12.Be3 Be7 13.Nd5 Bd8 14.Qb3 d6 15.Be2 Nxe3
16.Qxe3 Be6 17.Kb1 Rc8 18.c3 Qc5 19.Qxc5 Rxc5 20.Ne3 Be7 21.Bd3 Bg5 22.Nf5 Bxf5
23.exf5 d5 24.Rhe1 Bf6 25.Bc2 O-O 26.Bb3 Rd8 27.Re2 Kf8 28.g3 d4 29.cxd4 Rxd4
30.Rxd4 exd4 31.Bc2 a5  1/2-1/2

[Event "Gibraltar Open"]
[Site "Caleta ENG"]
[Date "2012.01.27"]
[Round "4.7"]
[White "Movsesian,S"]
[Black "Jussupow,Ar"]
[Result "1-0"]
[WhiteElo "2700"]
[BlackElo "2569"]

1.e4 e5 2.Nf3 Nf6 3.d4 Nxe4 4.Bd3 d5 5.Nxe5 Nd7 6.Nxd7 Bxd7 7.Nc3 Nxc3 8.bxc3 Bd6
9.Qh5 Qe7+ 10.Be3 Be6 11.Bg5 Qd7 12.O-O Kf8 13.h3 Kg8 14.Qf3 h6 15.Bf4 Rd8
16.Rae1 Bxf4 17.Qxf4 Qd6 18.Qh4 g5 19.Qh5 Kf8 20.f4 gxf4 21.Re5 Ke7 22.Rxf4 Kd7
23.Bf5 Kc8 24.Qxf7 Bxf5 25.Rfxf5 Qa3 26.Rxd5 Qxc3 27.Kh2 b6 28.Rc5 bxc5 29.Rxc5 Qxc5
30.dxc5 Kb7 31.Qf3+ c6 32.Qf7+ Kb8 33.a4 Rd5 34.Qf6 Rg8 35.Qxh6 Rd7 36.Qxc6 Rc7
37.Qd6 Rc8 38.a5  1-0

[Event "Gibraltar Open"]
[Site "Caleta ENG"]
[Date "2012.01.30"]
[Round "7.8"]
[White "Felgaer,R"]
[Black "Movsesian,S"]
[Result "0-1"]
[WhiteElo "2571"]
[BlackElo "2700"]

1.e4 c5 2.Nf3 e6 3.g3 Nc6 4.Bg2 Nf6 5.Qe2 d6 6.O-O Be7 7.c3 O-O 8.Rd1 h6
9.d4 cxd4 10.cxd4 d5 11.e5 Ne4 12.Ne1 Bd7 13.f3 Ng5 14.Nc3 f5 15.Be3 Qb6
16.h4 Nf7 17.Nd3 g5 18.hxg5 hxg5 19.f4 Kg7 20.fxg5 Nxg5 21.Nf4 Qd8 22.g4 Qb6
23.Nh5+ Kg8 24.Nf6+ Bxf6 25.exf6 f4 26.Nxd5 exd5 27.Bxd5+ Be6 28.Bxe6+ Nxe6
29.Bf2 Ng5 30.Qc4+ Rf7 31.Rd3 Re8 32.Rb3 Qd8 33.Bh4 Qxf6 34.Qd5 Nf3+ 35.Rxf3 Qxh4
36.Rf2 Rd8  0-1

[Event "Gibraltar Open"]
[Site "Caleta ENG"]
[Date "2012.01.31"]
[Round "8.4"]
[White "Movsesian,S"]
[Black "Gopal,G"]
[Result "1/2-1/2"]
[WhiteElo "2700"]
[BlackElo "2566"]

1.e4 e6 2.d4 d5 3.Nc3 Nf6 4.Bg5 dxe4 5.Nxe4 Nbd7 6.Nf3 h6 7.Nxf6+ Nxf6 8.Be3 Bd6
9.Bd3 b6 10.Ne5 O-O 11.Qf3 Nd5 12.O-O-O Bb7 13.Bd2 c5 14.Nc4 Rb8 15.Nxd6 Qxd6
16.dxc5 bxc5 17.Qg3 Qxg3 18.hxg3 Nb4 19.Bxb4 cxb4 20.f3 Rfc8 21.Rhe1 Bd5
22.b3 a5 23.Be4 Bxe4 24.Rxe4 Rc5 25.g4 Rbc8 26.Rd2 Kf8 27.a3 bxa3 28.Ra4 Ke7
29.Rxa3 Rd8 30.c4 Rxd2 31.Kxd2 h5 32.gxh5 Rxh5 33.Kc3 Kd6 34.Ra2 Kc6 35.Rd2 Rh1
36.Ra2 Kb6 37.Rd2 Kc6 38.Ra2 Kb6  1/2-1/2

[Event "Gibraltar Open"]
[Site "Caleta ENG"]
[Date "2012.02.02"]
[Round "10.4"]
[White "Movsesian,S"]
[Black "Svidler,P"]
[Result "1/2-1/2"]
[WhiteElo "2700"]
[BlackElo "2749"]

1.e4 e5 2.Nf3 Nc6 3.Bb5 a6 4.Ba4 Nf6 5.O-O Be7 6.Re1 b5 7.Bb3 O-O 8.c3 d5
9.exd5 Nxd5 10.Nxe5 Nxe5 11.Rxe5 c6 12.d4 Bd6 13.Re1 Qh4 14.g3 Qh3 15.Qe2 Bg4
16.Qf1 Qh5 17.Nd2 Rae8 18.f3 Rxe1 19.Qxe1 Bxf3 20.Nxf3 Qxf3 21.Bd2 Qg4 22.Kg2 Qd7
23.Qe4 Re8 24.Qf3 Bf8 25.Rf1 g6 26.a4 Bg7 27.axb5 axb5 28.Rf2 h5 29.Re2 Re6
30.Rxe6 Qxe6 31.Kg1  1/2-1/2

[Event "TCh-CZE Liga1 Vychod"]
[Site "Czech Rep CZE"]
[Date "2012.03.18"]
[Round "10"]
[White "Kanovsky,D"]
[Black "Movsesian,S"]
[Result "0-1"]
[WhiteElo "2462"]
[BlackElo "2715"]

1.e4 c5 2.Nf3 Nc6 3.d4 cxd4 4.Nxd4 Qb6 5.Nb3 Nf6 6.Nc3 e6 7.Bd3 d6 8.Be3 Qc7
9.f4 a6 10.Qf3 g6 11.O-O-O Bg7 12.Kb1 Nd7 13.Ne2 b6 14.Ned4 Bb7 15.Nxc6 Bxc6
16.Nd4 Bb7 17.Rhe1 Nc5 18.Qh3 O-O 19.f5 Rfe8 20.fxg6 hxg6 21.Qh4 Rac8 22.Re2 d5
23.exd5 Bxd5 24.Nf3 Nxd3 25.cxd3 f6 26.Qg4 Qf7 27.Rf1 e5 28.Nxe5 Be6 29.Qa4 Bxa2+
30.Qxa2 Qxa2+ 31.Kxa2 Rxe5 32.Ree1 f5 33.Kb1 Rce8 34.Bf2 Re2 35.Rxe2 Rxe2
36.d4 Kf7 37.g4 fxg4 38.Bg3+ Ke6 39.Rf4 Kd5 40.Rxg4 Bxd4 41.Rxg6 Rxb2+ 42.Kc1 Rg2
43.h4 a5 44.h5 a4 45.Bc7 Rxg6 46.hxg6 b5 47.Bf4 Kc4 48.Bd2 a3 49.Kb1 Kb3
50.Bc1 a2+  0-1

[Event "TCh-CZE Extraliga 2011-12"]
[Site "Czech Republic CZE"]
[Date "2012.04.20"]
[Round "9.1"]
[White "Movsesian,S"]
[Black "Pacher,M"]
[Result "1-0"]
[WhiteElo "2715"]
[BlackElo "2403"]

1.c4 g6 2.Nc3 Bg7 3.g3 Nf6 4.Bg2 O-O 5.d4 d6 6.e4 e5 7.Nge2 exd4 8.Nxd4 Nc6
9.Nde2 Be6 10.b3 Qd7 11.h3 a6 12.Bb2 Rab8 13.Qd2 b5 14.Nd5 Ne8 15.Bxg7 Kxg7
16.cxb5 Rxb5 17.Qc3+ f6 18.Nef4 Rc5 19.Qb2 Ne5 20.O-O c6 21.Ne3 Nc7 22.Rad1 Rb8
23.Rd2 a5 24.Rfd1 Ne8 25.Qa3 Rbb5 26.Nc2 Bf7 27.Ne2 Qa7 28.Kh2 a4 29.Ncd4 Rb7
30.b4 Rc4 31.f4 Nd7 32.e5 Bd5 33.Bxd5 cxd5 34.e6 Nf8 35.Nc3 Rxd4 36.Rxd4 Nxe6
37.R4d2 Qe3 38.Kg2 d4 39.Rd3  1-0

[Event "TCh-CZE Extraliga 2011-12"]
[Site "Czech Republic CZE"]
[Date "2012.04.21"]
[Round "10.1"]
[White "Babula,V"]
[Black "Movsesian,S"]
[Result "1/2-1/2"]
[WhiteElo "2572"]
[BlackElo "2715"]

1.d4 d5 2.c4 c6 3.Nf3 Nf6 4.Nc3 a6 5.e3 b5 6.b3 Bg4 7.Be2 Nbd7 8.O-O e6 9.h3 Bh5
10.Bb2 Bd6 11.Ne5 Bxe2 12.Nxe2 bxc4 13.bxc4 O-O 14.Qc2 Qc7 15.Nxd7 Nxd7 16.Rfc1 Rfc8  1/2-1/2

[Event "Hustopece Rapid"]
[Site "Hustopece CZE"]
[Date "2012.06.09"]
[Round "6.2"]
[White "Neuman,P"]
[Black "Movsesian,S"]
[Result "0-1"]
[WhiteElo "2472"]
[BlackElo "2698"]

1.d4 Nf6 2.c4 d6 3.Nc3 Nbd7 4.Nf3 e5 5.g3 c6 6.Bg2 e4 7.Ng5 d5 8.cxd5 cxd5
9.f3 h6 10.Nh3 exf3 11.exf3 Be7 12.O-O O-O 13.Nf4 Nb8 14.Qb3 Nc6 15.Rd1 Na5
16.Qb5 a6 17.Qd3 Nc6 18.Be3 Nb4 19.Qb1 Re8 20.Bf2 Bd6 21.Nfe2 Be6 22.a3 Nc6
23.b4 Qd7 24.g4 Qc7 25.Bg3 Re7 26.Qa2 Rae8 27.Rac1 Qb8 28.Rd2 Rd7 29.Na4 h5
30.g5 Nh7 31.Nc5 Rde7 32.g6 Nf8 33.Nxa6 bxa6 34.Rxc6 Bxg3 35.hxg3 Nxg6 36.Qc2 h4
37.g4 Bd7 38.Rc5 Bb5 39.Rxb5 axb5 40.Nc3 Re1+ 41.Bf1 Qg3+ 42.Rg2 Rxf1+  0-1

[Event "Hustopece Rapid"]
[Site "Hustopece CZE"]
[Date "2012.06.09"]
[Round "7.2"]
[White "Movsesian,S"]
[Black "Zilka,S"]
[Result "1-0"]
[WhiteElo "2698"]
[BlackElo "2513"]

1.c4 Nf6 2.Nc3 e5 3.g3 d5 4.cxd5 Nxd5 5.Bg2 Nb6 6.Nf3 Nc6 7.O-O Be7 8.d3 O-O
9.a3 Be6 10.b4 Nd4 11.Rb1 Nxf3+ 12.Bxf3 c6 13.Ne4 Bd5 14.Bb2 Qc7 15.Qc2 Rac8
16.Rfc1 f6 17.Bg2 Rfd8 18.Bh3 Rb8 19.Nc5 Bxc5 20.bxc5 Nd7 21.e4 Bf7 22.Rd1 Kh8
23.Rd2 Qa5 24.d4 exd4 25.Rxd4 Ne5 26.Rxd8+ Rxd8 27.Bxe5 fxe5 28.Rxb7 Qe1+
29.Kg2 Rd2 30.Rxf7  1-0

[Event "Hustopece Rapid"]
[Site "Hustopece CZE"]
[Date "2012.06.09"]
[Round "8.1"]
[White "Krejci,Jan2"]
[Black "Movsesian,S"]
[Result "0-1"]
[WhiteElo "2476"]
[BlackElo "2698"]

1.e4 c5 2.Nf3 Nc6 3.d4 cxd4 4.Nxd4 Qb6 5.Nb3 Nf6 6.Nc3 e6 7.Be3 Qc7 8.Bd3 d6
9.O-O a6 10.a4 g6 11.a5 Bg7 12.Na4 O-O 13.Nb6 Rb8 14.c3 Ne5 15.Bc2 Rd8 16.Qe2 Bd7
17.Nxd7 Nfxd7 18.Nd2 Rbc8 19.Rfd1 Nc5 20.Nc4 Nxc4 21.Qxc4 Qe7 22.Qb4 f5 23.exf5 gxf5
24.Rd2 d5 25.Re1 Qd6 26.Bxc5 Rxc5 27.Rde2 Rc6 28.Qh4 Rf8 29.Ba4 Rc4  0-1

[Event "45th Biel Masters Open"]
[Site "Biel SUI"]
[Date "2012.07.23"]
[Round "1"]
[White "Movsesian,S"]
[Black "Bozinovic,Bog"]
[Result "1-0"]
[WhiteElo "2698"]
[BlackElo "2261"]

1.e4 Nf6 2.e5 Nd5 3.d4 d6 4.Nf3 dxe5 5.Nxe5 g6 6.Bc4 Be6 7.Bb3 c6 8.Nd2 Nd7
9.Nd3 Bg7 10.c3 Bf5 11.Nf3 Qc7 12.O-O O-O 13.Re1 Bxd3 14.Qxd3 e6 15.Bg5 a5
16.a4 Rfe8 17.Bh4 Ne7 18.Bg3 Qb6 19.Qc2 Nf5 20.Bf4 Nf6 21.Ne5 Nd5 22.Bg5 Qc7
23.Nd3 h6 24.Bd2 Rad8 25.Ba2 b6 26.Re4 Nd6 27.Rh4 Qe7 28.Rh3 h5 29.Re1 Nf5
30.Qc1 Qc7 31.Bg5 Rc8 32.Nf4 Qd7 33.Bc4 b5 34.Bb3 Nxf4 35.Qxf4 Rf8 36.Qe4 Rb8
37.Bf4 Rbd8 38.Rd3 Nd6 39.Qe2 Rfe8 40.Ra1 b4 41.cxb4 axb4 42.Be5 Bf8 43.h3 Nb7
44.Bc2 Bg7 45.a5 Nd6 46.a6 Nb5 47.Ba4 f6 48.Bxb5 cxb5 49.Bg3 e5 50.d5 Ra8
51.Rdd1 Reb8 52.f3 Bf8 53.Bf2 Bd6 54.Qc2 Kf7 55.Qc6 Ke7 56.Rdc1 Rc8 57.Qxd7+ Kxd7
58.Rxc8 Kxc8 59.Rc1+ Kd7 60.a7 f5 61.b3 g5 62.Kf1 g4 63.Ke2 Re8 64.hxg4 hxg4
65.fxg4  1-0

[Event "45th Biel Masters Open"]
[Site "Biel SUI"]
[Date "2012.07.24"]
[Round "2"]
[White "Kraemer,Mart"]
[Black "Movsesian,S"]
[Result "1/2-1/2"]
[WhiteElo "2506"]
[BlackElo "2698"]

1.d4 d5 2.c4 c6 3.Nc3 Nf6 4.e3 a6 5.Nf3 b5 6.b3 Bg4 7.Bd2 Nbd7 8.h3 Bxf3
9.Qxf3 b4 10.Na4 e5 11.Qd1 Be7 12.Bd3 dxc4 13.Bxc4 exd4 14.exd4 O-O 15.O-O Nb6
16.Nxb6 Qxb6 17.Re1 Rfe8 18.Qf3 Rad8 19.Re2 Bf8 20.Rxe8 Rxe8 21.Bg5 Qxd4
22.Bxf6 Qxf6 23.Qxf6 gxf6 24.Bxa6  1/2-1/2

[Event "45th Biel Masters Open"]
[Site "Biel SUI"]
[Date "2012.07.25"]
[Round "3"]
[White "Movsesian,S"]
[Black "Das,Arg"]
[Result "1-0"]
[WhiteElo "2698"]
[BlackElo "2485"]

1.c4 e6 2.Nc3 d5 3.d4 c6 4.e3 Nf6 5.Qc2 Nbd7 6.b3 Bd6 7.c5 Be7 8.Bb2 e5 9.Nf3 e4
10.Nd2 Ng4 11.Be2 f5 12.h3 Nh6 13.O-O-O Nf6 14.b4 Qc7 15.f4 b5 16.a4 a6 17.Qb3 Rb8
18.Kc2 Rg8 19.Rhg1 Nf7 20.Ndb1 g5 21.g3 h5 22.Bc1 Nh6 23.Na3 Be6 24.Bd2 Kf7
25.Ra1 Qd7 26.Kb2 h4 27.gxh4 g4 28.axb5 axb5 29.Qd1 gxh3 30.Rxg8 Kxg8 31.Qh1 Kh7
32.Qxh3 Rg8 33.Nc2 Bf7 34.h5 Nhg4 35.Ra6 Nf2 36.Qf1 Nd3+ 37.Kb3 Bxh5 38.Bxh5 Nxh5
39.Nxb5 Qc8 40.Ra7 cxb5 41.Rxe7+ Rg7 42.Rxg7+ Kxg7 43.Qa1 Qb7 44.Qa5 Ng3
45.Na3 Qf7 46.Nxb5 Nf1 47.Bc3 Qh5 48.Qa1 Qe2 49.c6 Nxe3 50.Na3 Nc4 51.Nxc4 Nxb4
52.Qg1+ Kh8 53.Nd6 Nxc6 54.Qg6 Qd1+ 55.Ka3 Qc1+ 56.Bb2 Qe3+ 57.Ka4  1-0

[Event "45th Biel Masters Open"]
[Site "Biel SUI"]
[Date "2012.07.27"]
[Round "5"]
[White "Movsesian,S"]
[Black "Avrukh,B"]
[Result "1-0"]
[WhiteElo "2698"]
[BlackElo "2605"]

1.e4 e5 2.Nf3 Nc6 3.d4 exd4 4.Nxd4 Bc5 5.Nb3 Bb6 6.Nc3 Nf6 7.Qe2 d6 8.Be3 Qe7
9.O-O-O Be6 10.g3 O-O-O 11.Bg2 Rhe8 12.Nd4 Nxd4 13.Bxd4 Nd7 14.f4 f5 15.Rhe1 Qf8
16.Qf3 c6 17.exf5 Bxf5 18.Bxb6 Nxb6 19.g4 Bd7 20.Bf1 d5 21.Bd3 d4 22.Rxe8 Rxe8
23.Ne4 Nd5 24.f5 Re5 25.Bc4 Qb4 26.a3 Qa5 27.b4 Qb6 28.Bxd5 cxd5 29.Nc5 Qh6+  1-0

[Event "45th Biel Masters Open"]
[Site "Biel SUI"]
[Date "2012.08.01"]
[Round "9"]
[White "Meier,Geo"]
[Black "Movsesian,S"]
[Result "1/2-1/2"]
[WhiteElo "2644"]
[BlackElo "2698"]

1.d4 d5 2.c4 c6 3.Nf3 Nf6 4.e3 Bg4 5.Nc3 e6 6.h3 Bh5 7.g4 Bg6 8.Ne5 Nbd7
9.Nxg6 hxg6 10.g5 Ne4 11.Nxe4 dxe4 12.h4 Qa5+ 13.Bd2 Bb4 14.a3 Bxd2+ 15.Qxd2 Qxd2+
16.Kxd2  1/2-1/2

[Event "45th Biel Masters Open"]
[Site "Biel SUI"]
[Date "2012.08.02"]
[Round "10"]
[White "Movsesian,S"]
[Black "Golod,V"]
[Result "1-0"]
[WhiteElo "2698"]
[BlackElo "2547"]

1.e4 e5 2.Nf3 Nc6 3.Bb5 a6 4.Ba4 Nf6 5.d3 d6 6.c3 g6 7.Nbd2 Bg7 8.O-O O-O
9.Re1 b5 10.Bc2 Bb7 11.a4 Nd7 12.b4 Nb6 13.a5 Nd7 14.Nb3 Ne7 15.Be3 Rc8 16.d4 exd4
17.cxd4 h6 18.Rc1 Kh7 19.Bf4 Nf6 20.h3 Re8 21.Bh2 Nc6 22.Qd2 Nb8 23.d5 c6
24.e5 Nxd5 25.exd6 Rxe1+ 26.Qxe1 Nd7 27.Be4 Kg8 28.Bg3 N5f6 29.Bd3 Qf8 30.Qe3 Ra8
31.Qd2 Re8 32.Nfd4 Ne5 33.Bxe5 Rxe5 34.Nxc6 Bxc6 35.Rxc6 Rd5 36.Rxa6 Qc8
37.Rb6 Ne4 38.Qc2 Nxd6 39.a6 Qa8 40.Be2 Qa7 41.Qc6 Bf8 42.Qxd5 Qxb6 43.Qa8 Qc7
44.a7 Qe7 45.Qb8  1-0

[Event "21st TCh-CRO 1a 2012"]
[Site "Sibenik CRO"]
[Date "2012.09.24"]
[Round "2.31"]
[White "Movsesian,S"]
[Black "Fedorchuk,S"]
[Result "0-1"]
[WhiteElo "2705"]
[BlackElo "2646"]

1.e4 c5 2.Nf3 d6 3.d4 cxd4 4.Nxd4 Nf6 5.Nc3 a6 6.h3 Nc6 7.g4 Nxd4 8.Qxd4 e5
9.Qd3 Be6 10.f4 Rc8 11.g5 Nd7 12.f5 Bc4 13.Qg3 b5 14.Bg2 b4 15.Nd1 d5 16.exd5 Bc5
17.Be3 Bd4 18.h4 Qa5 19.f6 gxf6 20.gxf6 Bxd5 21.Rh2 Rxc2 22.Bxd4 exd4 23.Bxd5 b3+
24.Nc3 dxc3 25.Bxf7+ Kd8 26.Rd1 cxb2+ 27.Kf1 Qb5+ 28.Kg1 Qb6+ 29.Kh1 Qb7+
30.Kg1 Rc1 31.Rd2 b1=Q 32.Rxd7+ Kc8 33.Qg4 Qb6+ 34.Rd4+ Kb7 35.Bd5+ Ka7 36.Qg7+ Rc7
37.Qxc7+ Qxc7 38.Rxb1 Qb6 39.Rd1 b2 40.Be4 Rd8  0-1

[Event "St Petersburg Rapid Cup 2012"]
[Site "St Petersburg RUS"]
[Date "2012.10.05"]
[Round "1.3"]
[White "Khairullin,I"]
[Black "Movsesian,S"]
[Result "1-0"]
[WhiteElo "2639"]
[BlackElo "2699"]

1.e4 c5 2.Nf3 e6 3.d4 cxd4 4.Nxd4 a6 5.Bd3 Qc7 6.O-O Nf6 7.Qe2 d6 8.c4 Nbd7
9.b3 g6 10.Bb2 Bg7 11.Nc3 O-O 12.Rad1 b6 13.Kh1 Bb7 14.f4 Rad8 15.Bb1 Qb8
16.Nf3 Rfe8 17.Rd2 Nh5 18.g3 d5 19.Rfd1 Nc5 20.cxd5 exd5 21.e5 Nf6 22.Kg1 Nfe4
23.Rd4 Qa8 24.b4 Ne6 25.R4d3 f5 26.a3 Rd7 27.Ba2 Red8 28.Qe3 Bf8 29.Na4 Bc6
30.Nxb6 Qb7 31.Nxd7 Rxd7 32.Nd4 N6c5 33.Nxc6 Nxd3 34.Qxd3 Bc5+ 35.bxc5 Qxb2
36.Bxd5+ Kg7 37.Qd4 Nc3 38.e6+ Kh6 39.exd7 Ne2+ 40.Kh1 Nxd4 41.d8=Q Qe2 42.Qg5+  1-0

[Event "St Petersburg Rapid Cup 2012"]
[Site "St Petersburg RUS"]
[Date "2012.10.05"]
[Round "2.4"]
[White "Movsesian,S"]
[Black "Alekseev,Evgeny"]
[Result "1/2-1/2"]
[WhiteElo "2699"]
[BlackElo "2683"]

1.e4 e5 2.Nf3 Nc6 3.Bb5 Nf6 4.d3 Bc5 5.O-O d6 6.c3 O-O 7.Nbd2 Bb6 8.h3 Ne7
9.d4 c6 10.Bd3 Ng6 11.Re1 h6 12.a4 Re8 13.Bf1 d5 14.dxe5 Nxe5 15.exd5 Nxf3+
16.Nxf3 Rxe1 17.Nxe1 Nxd5 18.Qf3 Be6 19.Nd3 a5 20.Bd2 Qh4 21.b3 Rd8 22.c4 Ne7
23.g3 Qd4 24.Rd1 Nf5 25.g4 Nh4 26.Qg3 Qf6 27.Bf4 g5 28.Bc1 Qf3 29.Qxf3 Nxf3+
30.Kg2 Nd4 31.Be3 f5 32.f3 f4 33.Bf2 Bf7 34.Nc1 Nc2 35.Rxd8+ Bxd8 36.Bd3 Ne3+
37.Bxe3 fxe3 38.Kf1 Kg7 39.Ke2 Bb6 40.Bf5 Bd4 41.Bc8 b6 42.Bb7 Be8 43.Kd3 Bc5
44.Bc8 Bg6+ 45.Bf5 Be8 46.Ke2 Kf6 47.Nd3 Bd4 48.Ne1 b5 49.Nc2 Ke5 50.Nxe3 bxa4
51.bxa4 Kf4 52.Nf1 c5 53.Bc2 Bc6 54.Nd2 Be3 55.Ne4 Bxe4  1/2-1/2

[Event "St Petersburg Rapid Cup 2012"]
[Site "St Petersburg RUS"]
[Date "2012.10.06"]
[Round "6.2"]
[White "Movsesian,S"]
[Black "Matlakov,M"]
[Result "1-0"]
[WhiteElo "2699"]
[BlackElo "2665"]

1.e4 e5 2.Nf3 Nc6 3.Bb5 a6 4.Ba4 Nf6 5.O-O Be7 6.d3 d6 7.c3 O-O 8.Nbd2 b5
9.Bc2 d5 10.Re1 dxe4 11.dxe4 Be6 12.a4 Qc8 13.Qe2 Qb7 14.b4 Rfd8 15.axb5 axb5
16.Rxa8 Rxa8 17.Bd3 Rb8 18.Nb1 Bd6 19.Na3 Na7 20.Be3 c6 21.Ng5 Bg4 22.f3 Bd7
23.Qa2 Rf8 24.Nc4 bxc4 25.Bxc4 Nb5 26.Nxf7 Rxf7 27.Bxf7+ Kf8 28.Rc1 Bc7 29.Bc4 Bb6
30.Qf2 Bd8 31.Bc5+ Ke8 32.Qg3  1-0

[Event "St Petersburg Rapid Cup 2012"]
[Site "St Petersburg RUS"]
[Date "2012.10.06"]
[Round "8.1"]
[White "Zvjaginsev,V"]
[Black "Movsesian,S"]
[Result "1-0"]
[WhiteElo "2678"]
[BlackElo "2699"]

1.e4 d6 2.Nc3 c5 3.d4 cxd4 4.Qxd4 a6 5.Be3 Nc6 6.Qb6 Qxb6 7.Bxb6 e6 8.O-O-O Nf6
9.f4 Be7 10.Nf3 O-O 11.Bc4 Ne8 12.Rhe1 Bd7 13.Bb3 Rc8 14.Kb1 Nc7 15.Nd5 exd5
16.exd5 Nxd5 17.Bxd5 Bf6 18.Bb3 Rfe8 19.Rxe8+ Rxe8 20.Rxd6 Bg4 21.a3 Re2
22.h3 Bc8 23.g4 h5 24.gxh5 Be7 25.Rd1 Re4 26.Bc7 Kf8 27.Bd5 Re3 28.Ng5 f6
29.Bb6 Re2 30.Bc4 Rh2 31.Ne6+ Kf7 32.f5 Ne5 33.Bd5 Kg8 34.Bg1  1-0